000 00256nam a22001217a 4500
008 170329b xxu||||| |||| 00| 0 eng d
041 _aeng
080 _a796.3
100 _a8
101 _aSHM
245 _aTHE LOVE OF SKIING
_cSAMUEL, J
942 _2udc
_cBK
999 _c8914
_d8914